|
|
|
|
| LEADER |
00776pam a22002778a 4500 |
| 001 |
00037395 |
| 005 |
20171026081025.0 |
| 008 |
170512s ||||||Viesd |
| 041 |
0 |
# |
|a Vie
|
| 082 |
1 |
4 |
|a 302.2
|b B103GI
|
| 245 |
1 |
0 |
|a Bài giảng nghệ thuật thuyết trình
|
| 260 |
# |
# |
|a Đồng Tháp
|b ĐH Đồng Tháp
|
| 300 |
# |
# |
|a 55tr
|c 27cm.
|
| 500 |
# |
# |
|a ĐTTS: trường Đại học Đồng Tháp
|
| 653 |
# |
# |
|a Nghệ thuật
|
| 852 |
# |
# |
|b Kho mượn
|j KGT.0052939
|
| 852 |
# |
# |
|b Kho đọc
|j KD.0021024
|
| 852 |
# |
# |
|j KD.0021024
|j KGT.0052939
|
| 910 |
|
|
|d 12/05/2017
|
| 980 |
# |
# |
|a Trung tâm Học liệu Lê Vũ Hùng, Trường Đại học Đồng Tháp
|